Seminár na tému: „Globálna kríza a jej politické, bezpečnostné a ďalšie súvislosti a následky z pohľadu teórie medzinárodných vzťahov“
25. februára 2009 sa konalo vedecké zasadnutie Katedry medzinárodných politických vzťahov Fakulty medzinárodných vzťahov Ekonomickej univerzity v Bratislave, ktorého súčasťou bol seminár na aktuálnu tému „Globálna kríza a jej politické, bezpečnostné a ďalšie súvislosti a následky z pohľadu teórie me...
Uložené v:
| Hlavný autor: | |
|---|---|
| Médium: | Kapitola |
| Jazyk: | Slovak |
| Predmet: | |
| Tagy: |
Žiadne tagy, Buďte prvý, kto otaguje tento záznam!
|
MARC
| LEADER | 00000naa$a2200000$$$4500 | ||
|---|---|---|---|
| 001 | 0105639 | ||
| 005 | 20240502072154.9 | ||
| 041 | 0 | |a slo | |
| 044 | |a SK | ||
| 245 | 1 | 0 | |a Seminár na tému: „Globálna kríza a jej politické, bezpečnostné a ďalšie súvislosti a následky z pohľadu teórie medzinárodných vzťahov“ |c Miroslav Kupkovič |
| 520 | |a 25. februára 2009 sa konalo vedecké zasadnutie Katedry medzinárodných politických vzťahov Fakulty medzinárodných vzťahov Ekonomickej univerzity v Bratislave, ktorého súčasťou bol seminár na aktuálnu tému „Globálna kríza a jej politické, bezpečnostné a ďalšie súvislosti a následky z pohľadu teórie medzinárodných vzťahov“. Informácia o zámeroch a cieľoch seminára. | ||
| 610 | 2 | 0 | |a politika medzinárodná |
| 610 | 2 | 0 | |a kríza hospodárska |
| 610 | 2 | 0 | |a vzťahy medzinárodné |
| 610 | 2 | 0 | |a semináre |
| 100 | 1 | |a Kupkovič, Miroslav | |